¡Canta, musa! : los más fascinantes episodios de la guerra de Troya /

La legendaria guerra de Troya, en la que la suntuosa ciudad protegida por la diosa Atenea cae derrotada por los griegos, ha sido tema de una de las obras más grandes de la literatura: la Ilíada. Del funesto regreso de los vencedores a sus respectivas tierras solo queda como testimonio la Odisea, don...

Descripción completa

Guardado en:
Autor Principal: Bentivegna, Diego.
Otros Autores: Romana, Cecilia., Baroncelli, Carlos; il.
Formato: Libro
Idioma:Undetermined
Publicado: Buenos Aires : Norma, 2011.
Edición:1a ed. 1a reimp.
Series:Grandes obras de la literatura universal ; 3
Materias:
Etiquetas: Agregar Etiqueta
Sin Etiquetas, Sea el primero en etiquetar este registro!
LEADER 01760nam a22002415a 4500
001 CEM.cems021137
008 240503s2011####ag############000#0#und#d
005 20240503173344.0
245 1 0 |a ¡Canta, musa! :  |b los más fascinantes episodios de la guerra de Troya /  |c Diego Bentivegna y Cecilia Romana ; ilustrado por Carlos Baroncelli. 
250 |a 1a ed. 1a reimp. 
260 |a Buenos Aires :  |b Norma,  |c 2011. 
300 |a 144 p. 
490 1 |a Grandes obras de la literatura universal ;  |v 3 
500 |a Incluye actividades de comprensión y análisis. 
505 0 |a Lo que sucedió antes de la guerra de Troya -- La guerra de Troya -- Fin de la guerra de Troya 
520 |a La legendaria guerra de Troya, en la que la suntuosa ciudad protegida por la diosa Atenea cae derrotada por los griegos, ha sido tema de una de las obras más grandes de la literatura: la Ilíada. Del funesto regreso de los vencedores a sus respectivas tierras solo queda como testimonio la Odisea, donde se narra el largo viaje de quien pergeñara el caballo de Troya a Ítaca. A partir de estos dos pilares de la literatura, las producciones vinculadas de algún modo con héroes griegos y troyanos se multiplican en el ámbito literario, en música, artes plásticas y cine. "¡Canta, musa! Los episodios más fascinantes de la guerra de Troya" presenta un conjunto de relatos que con erudición, arte y amenidad reconstruye los antecedentes, el desarrollo y lo sucedido después del más célebre enfrentamiento de pueblos. 
020 |a 9789501323313 
100 1 |a Bentivegna, Diego. 
700 1 |a Romana, Cecilia. 
700 1 |a Baroncelli, Carlos; il. 
653 |a Literatura griega 
653 |a Mitos griegos 
859 |a CEMS  |b BIB. CEMS - Inicial y Primaria  |h 883  |i B445  |k IP  |p 5056  |t Ej.1